|
|
|
|
| LEADER |
00000nam0a2200000 4500 |
| 001 |
320323 |
| 005 |
20231102003252.0 |
| 010 |
|
|
|a 9785991681476
|
| 035 |
|
|
|a (RuTPU)RU\TPU\book\345854
|
| 090 |
|
|
|a 320323
|
| 100 |
|
|
|a 20160705d2016 m y0rusy50 ca
|
| 101 |
0 |
|
|a rus
|
| 102 |
|
|
|a RU
|
| 105 |
|
|
|a a j 001zy
|
| 200 |
1 |
|
|a Теплотехника и энергосиловое оборудование промышленных предприятий
|e учебник для академического бакалавриата
|f Г. Ф. Быстрицкий
|
| 205 |
|
|
|a 5-е изд., испр. и доп.
|
| 210 |
|
|
|a Москва
|c Юрайт
|d 2016
|
| 215 |
|
|
|a 306 с.
|c ил.
|
| 225 |
1 |
|
|a Бакалавр. Академический курс
|
| 320 |
|
|
|a Библиогр.: с. 303-304
|
| 330 |
|
|
|a В учебнике изложены положения технической термодинамики и теории теплообмена, рассмотрены циклы тепловых машин и установок, а также устройство, принцип работы и характеристики котельных агрегатов и нагнетательных машин, представлены сведения о теплообменных аппаратах, характеристиках и методах сжигания различного вида топлива. Соответствует актуальным требованиям Федерального государственного образовательного стандарта высшего образования. Для студентов высших учебных заведений, обучающихся по инженерно-техническим направлениям, также может быть полезен работникам промышленности, занимающимся эксплуатацией энергосилового оборудования.
|
| 606 |
1 |
|
|a Теплотехника общая
|2 stltpush
|3 (RuTPU)RU\TPU\subj\59808
|9 77306
|
| 606 |
1 |
|
|a Промышленные предприятия
|x Энергетическое оборудование
|2 stltpush
|3 (RuTPU)RU\TPU\subj\52740
|9 71143
|
| 610 |
1 |
|
|a техническая термодинамика
|
| 610 |
1 |
|
|a тепловые машины
|
| 610 |
1 |
|
|a тепловые установки
|
| 610 |
1 |
|
|a теплообмен
|
| 610 |
1 |
|
|a теплообменные аппараты
|
| 610 |
1 |
|
|a топливо
|
| 610 |
1 |
|
|a сжигание
|
| 610 |
1 |
|
|a котельные установки
|
| 610 |
1 |
|
|a нагнетательные машины
|
| 610 |
1 |
|
|a учебники
|
| 675 |
|
|
|a 621.1(075.8)
|v 4
|
| 675 |
|
|
|a 658.26(075.8)
|v 4
|
| 700 |
|
1 |
|a Быстрицкий
|b Г. Ф.
|g Геннадий Федорович
|
| 801 |
|
1 |
|a RU
|b 63413507
|c 20160705
|
| 801 |
|
2 |
|a RU
|b 63413507
|c 20161007
|g RCR
|
| 900 |
|
|
|a Теплотехника
|
| 942 |
|
|
|c BK
|
| 951 |
|
|
|l 8.1
|
| 959 |
|
|
|a 38/20160428
|d 5
|e 539,00
|f ЧЗТЛ:1
|f УФ:4
|